| 000 | 00644nam a2200193 i 4500 | ||
|---|---|---|---|
| 001 | 67774 | ||
| 003 | ES-MaACL | ||
| 005 | 20250708063321.0 | ||
| 007 | t| | ||
| 008 | 040205s1906 sp |||| | spa d | ||
| 080 | _a821.134.2-3"18" | ||
| 100 | 1 |
_aGálvez, Pedro Luis de, _d1882-1940 _953712 |
|
| 245 | 1 | 0 |
_aEn la cárcel _b: (narraciones) / _cPedro Luis de Gálvez ; con un prólogo de Juan de V. Portela y un epílogo de María Marín (Mario). |
| 260 |
_aCádiz : _b[s.n., _c1906] |
||
| 700 | 1 |
_aVicente Portela, Juan de. _9114370 |
|
| 700 | 1 |
_aMarín, María. _976749 |
|
| 852 |
_aES-MaACL _jT-1075-F-5 |
||
| 999 |
_c67774 _d67774 |
||